[Event "34th Chess Olympiad (women)"]
[Site "Istanbul"]
[Date "2000.10.29"]
[Round "2.41.1"]
[White "Lim, Jean Nie"]
[Black "Al-Gurshi, Buthaina"]
[WhiteElo "2168"]
[BlackElo "2000"]
[WhiteCountry "MAS"]
[BlackCountry "YEM"]
[Result "1-0"]

1. e4 e5 2. Nf3 Nf6 3. Nc3 Nc6 4. Bc4 Bc5 5. d3 d6 6. h3 h6 7. O-O O-O 
8. Ne2 Bb6 9. Ng3 a6 10. c3 Be6 11. Bb3 Qd7 12. Bxe6 Qxe6 13. Qe2 Qd7 
14. Be3 Bxe3 15. Qxe3 Rad8 16. d4 Rfe8 17. d5 Ne7 18. c4 c6 19. Rac1 Rc8 
20. Rc3 Rc7 21. Rd1 Rec8 22. Nh4 Ng6 23. Nxg6 fxg6 24. Qb6 c5 25. b4 Ra8 
26. Rb1 Kf8 27. bxc5 dxc5 28. Rcb3 h5 29. f3 h4 30. Ne2 g5 31. Nc1 a5 
32. Nd3 Ra6 33. Qb5 Qd6 34. Qa4 Nd7 35. Rxb7 Rxb7 36. Rxb7 Nb6 37. Qb5 Nc8 
38. Nxc5 Na7 39. Ne6+ Kg8 40. Qe8+ Kh7 41. Rxg7+ 
1-0

[Event "34th Chess Olympiad (women)"]
[Site "Istanbul"]
[Date "2000.10.29"]
[Round "2.41.2"]
[White "Abdulsalam, Rawidah"]
[Black "Lee, Samantha"]
[WhiteElo "2000"]
[BlackElo "2000"]
[WhiteCountry "YEM"]
[BlackCountry "MAS"]
[Result "0-1"]

1. e4 c5 2. Nf3 d6 3. d4 cxd4 4. Nxd4 Nf6 5. Nc3 a6 6. Bg5 e6 7. Be2 Be7 
8. f4 O-O 9. O-O Qc7 10. Qd3 h6 11. Bxf6 Bxf6 12. Rad1 Rd8 13. Nf3 Nc6 
14. a3 Bd7 15. Qxd6 Qb6+ 16. Kh1 Be8 17. e5 Rxd6 18. Rxd6 Be7 19. Rd2 Qxb2 
20. Nb1 Rd8 21. Bd3 Bc5 22. Nh4 Be7 23. c3 Qb6 24. Nf3 Qe3 25. g3 Rxd3 
26. Rxd3 Qxd3 27. Nh4 Qxf1# 
0-1

[Event "34th Chess Olympiad (women)"]
[Site "Istanbul"]
[Date "2000.10.29"]
[Round "2.41.3"]
[White "Siti, Zulaikha"]
[Black "Raweh, Adeela"]
[WhiteElo "2000"]
[BlackElo "2000"]
[WhiteCountry "MAS"]
[BlackCountry "YEM"]
[Result "1-0"]

1. d4 d5 2. c4 c6 3. Nc3 Nf6 4. cxd5 cxd5 5. Bf4 Nc6 6. e3 e6 7. Bd3 Be7 
8. Rc1 O-O 9. Bg3 b6 10. Nf3 Bb7 11. Be5 a6 12. O-O b5 13. Nd2 g6 14. Ne2 Rc8 
15. Bf4 Nd7 16. Bg3 Nb6 17. Nf4 Nc4 18. b3 Nxd2 19. f3 Bd6 20. Qe1 e5 
21. dxe5 Bxe5 22. Ne2 Re8 23. Nd4 Qb6 24. Qxd2 Bf4 25. Rce1 Bxe3+ 26. Rxe3 Qxd4 
27. Kf2 Kg7 28. Ke2 g5 29. Re5 Qxe5+ 30. Qe3 f6 31. f4 Qd4 32. fxg5 Qg4+ 
33. Kf2 Qxg5 34. Qd2 Re3 35. Qxe3 
1-0

[Event "34th Chess Olympiad (women)"]
[Site "Istanbul"]
[Date "2000.10.29"]
[Round "2.42.1"]
[White "Minnaar, Michelle"]
[Black "Phiri, Catherine"]
[WhiteElo "2062"]
[BlackElo "2000"]
[WhiteCountry "RSA"]
[BlackCountry "ZAM"]
[Result "1-0"]

1. d4 Nf6 2. Nf3 g6 3. Bg5 Bg7 4. Nbd2 O-O 5. e4 d6 6. c3 a6 7. a4 e5 8. Be2 h6 
9. O-O Nh5 10. dxe5 dxe5 11. Nc4 Ng3 12. hxg3 Qf6 13. Qc2 Bg4 14. Nfxe5 Qxe5 
15. b4 c6 16. Rad1 Kh8 17. Rfe1 Kg8 18. f4 b5 19. f5 Bxf5 20. exf5 Rd8 
21. f6 Kh8 22. Bc1 Qe8 23. Bf1 Bf8 
1-0

[Event "34th Chess Olympiad (women)"]
[Site "Istanbul"]
[Date "2000.10.29"]
[Round "2.42.2"]
[White "Mtine, Joy"]
[Black "Meyer, Marany"]
[WhiteElo "2000"]
[BlackElo "2087"]
[WhiteCountry "ZAM"]
[BlackCountry "RSA"]
[Result "0-1"]

1. e4 d6 2. Bc4 Nf6 3. Nc3 g6 4. d4 Bg7 5. Nf3 O-O 6. O-O Nc6 7. Re1 Bg4 
8. h3 Bxf3 9. Qxf3 Nxd4 10. Qd3 e5 11. Be3 Ne6 12. Bxe6 fxe6 13. Bg5 Qd7 
14. Bxf6 Bxf6 15. f3 c6 16. Rad1 d5 17. Na4 Qe7 18. Qc3 d4 19. Qa3 b5 
20. Nc5 a5 21. Nd3 Qc7 22. b3 Be7 23. Qc1 c5 24. c4 b4 25. Rf1 a4 26. Qb2 Ra7 
27. Ra1 Rfa8 28. Kh1 Bg5 29. Kh2 Ra5 30. Kh1 Bf4 31. g4 Qa7 32. Rf2 axb3 
33. Qxb3 Ra3 34. Qb1 b3 35. Rb2 Rxa2 36. Rbxa2 bxa2 37. Qb2 Qa5 38. Nxf4 exf4 
39. Kg2 Qa6 40. Qb3 e5 41. Kf2 Kf7 42. Ke2 Ke7 43. h4 h6 44. Ke1 Kd7 
45. Rxa2 Qc6 46. Rxa8 Qxa8 47. Qb5+ Qc6 48. Qa5 Qb7 49. Qa4+ Kd6 50. Kd1 Qb1+ 
51. Ke2 d3+ 52. Kf2 Qc2+ 
0-1

[Event "34th Chess Olympiad (women)"]
[Site "Istanbul"]
[Date "2000.10.29"]
[Round "2.42.3"]
[White "Frick, Denise"]
[Black "Banda, Mercy"]
[WhiteElo "2000"]
[BlackElo "2000"]
[WhiteCountry "RSA"]
[BlackCountry "ZAM"]
[Result "1-0"]

1. d4 d5 2. Nf3 Nc6 3. e3 a6 4. b3 Bf5 5. Bd3 Bxd3 6. Qxd3 Nf6 7. Ba3 g6 
8. O-O Bg7 9. Nbd2 O-O 10. c4 Re8 11. Rfd1 e5 12. dxe5 Rxe5 13. Bb2 Re6 
14. cxd5 Qxd5 15. Bxf6 Qxf3 16. Nxf3 Bxf6 17. Rac1 b5 18. Kf1 h6 19. Ke2 Rae8 
20. Qxb5 axb5 21. Rc3 Bxc3 22. Rc1 Kf8 23. Nd4 Bb4 24. Kf1 Rd6 25. Nxb5 Rd2 
26. a3 Rb8 27. axb4 Rxb5 28. Ke1 Ra5 29. Rb1 Rd8 30. Ra1 Rxa1+ 31. Ke2 Ke8 
32. Kf3 f5 33. e4 fxe4+ 34. Kxe4 
1-0

[Event "34th Chess Olympiad (women)"]
[Site "Istanbul"]
[Date "2000.10.29"]
[Round "2.43.1"]
[White "Zsiltzova-Lisenko, Lubov"]
[Black "Hind, Bahji"]
[WhiteElo "2273"]
[BlackElo "2000"]
[WhiteCountry "IBSA"]
[BlackCountry "MAR"]
[Result "1-0"]

1. e4 c5 2. Nf3 d6 3. d4 cxd4 4. Nxd4 Nf6 5. Nc3 a6 6. f4 e6 7. Qf3 Nc6 
8. Be3 Bd7 9. O-O-O Qc7 10. g4 Nxd4 11. Rxd4 e5 12. Rc4 Bxg4 13. Qg3 Qa5 
14. f5 Bh5 15. h3 Qd8 16. Rh2 Rc8 17. Rxc8 Qxc8 18. Bg5 Nd7 19. Qh4 g6 
20. Nd5 Qc5 21. Be3 Qa5 22. b4 Qd8 23. f6 Qc8 24. Rd2 Qc6 25. b5 axb5 
26. Bxb5 Qc8 27. Rd3 Kd8 28. Nb6 
1-0

[Event "34th Chess Olympiad (women)"]
[Site "Istanbul"]
[Date "2000.10.29"]
[Round "2.43.2"]
[White "Amina, Oubaaqua"]
[Black "Maeckelberg, Mieke"]
[WhiteElo "2000"]
[BlackElo "2000"]
[WhiteCountry "MAR"]
[BlackCountry "IBSA"]
[Result "0-1"]

1. e4 Nf6 2. e5 Nd5 3. d4 d6 4. c4 Nb6 5. f4 dxe5 6. fxe5 Nc6 7. Be3 Bf5 
8. Nf3 e6 9. a3 Be7 10. Be2 O-O 11. O-O f6 12. Nc3 fxe5 13. Nxe5 Nxe5 
14. dxe5 Nd7 15. Bf4 c6 16. Bg4 Qb6+ 17. Kh1 Rad8 18. Qe2 Qc7 19. Rad1 Bxg4 
20. Qxg4 Rf5 21. Bh6 Qxe5 22. Rde1 Qf6 23. Rxf5 exf5 24. Qg3 Nc5 25. Bf4 Bd6 
26. Bxd6 Qxd6 27. Qxd6 Rxd6 28. Re5 Re6 29. Rxe6 Nxe6 30. Kg1 Kf7 31. Kf2 Kf6 
32. Ke3 Ke5 33. Ne2 f4+ 34. Kf3 Nd4+ 35. Nxd4 Kxd4 36. Kxf4 Kxc4 37. Ke5 Kb3 
38. Ke6 Kxb2 39. Kf7 c5 40. Kxg7 c4 41. g4 c3 42. g5 c2 43. Kxh7 c1=Q 
44. g6 Qc7+ 45. g7 Qxh2+ 46. Kg8 Kxa3 47. Kf7 Qf4+ 48. Ke7 Qg5+ 49. Kf7 Qxg7+ 
0-1

[Event "34th Chess Olympiad (women)"]
[Site "Istanbul"]
[Date "2000.10.29"]
[Round "2.43.3"]
[White "Sanchez, Esmeralda"]
[Black "Zahira, El"]
[WhiteElo "2000"]
[BlackElo "2000"]
[WhiteCountry "IBSA"]
[BlackCountry "MAR"]
[Result "0-1"]

1. Nc3 g6 2. h3 Bg7 3. a3 a6 4. f3 Nc6 5. f4 e6 6. f5 Nce7 7. fxg6 fxg6 
8. b3 Bxc3 9. Nf3 g5 10. b4 b6 11. a4 h6 12. b5 a5 13. Nxg5 h5 
0-1